[Event "Bundesliga 0102"]
[Site "Germany"]
[Date "2001.10.05"]
[Round "5.3"]
[White "De Vreugt, Dennis"]
[Black "Rustemov, Alexander"]
[Result "1-0"]
[WhiteElo "2429"]
[BlackElo "2607"]
[Annotator "Finkel,A"]
[PlyCount "121"]
[EventDate "2001.10.06"]
[EventType "team-tourn"]
[EventRounds "15"]
[EventCountry "GER"]
[SourceTitle "CBM 087"]
[Source "ChessBase"]
[SourceDate "2002.03.21"]
[SourceVersion "1"]
[SourceVersionDate "2002.03.21"]
[SourceQuality "1"]
[WhiteTeam "Castrop Rauxel"]
[BlackTeam "Wattenscheid"]
[WhiteTeamCountry "GER"]
[BlackTeamCountry "GER"]

1. e4 e6 2. d4 d5 3. Nc3 Nc6 4. Be3 Bb4 5. e5 (5. Bd3 dxe4 6. Bxe4 Nf6 7. Bf3
O-O 8. Nge2 Nd5 9. O-O Nce7 10. Qd3 c6 11. a3 Ba5 $132 {Spielmann,R-Znosko
Borovsky,E/Nuremberg 1906/HCL}) 5... Nge7 (5... f6 6. Nf3 (6. f4 $2 fxe5 7.
fxe5 Qh4+ 8. Bf2 Qe4+ 9. Be2 Qxg2 10. Bf3 Qg5 11. Nh3 Qf5 $17 {Escobar,D-Gamez
Cenzano,A/Torrevieja 1997}) 6... Bd7 7. Bd3 Qe7 8. Qd2 a6 9. a3 Bxc3 10. Qxc3
Nh6 11. exf6 Qxf6 12. Ne5 $14 {Pyhala,A-Kekki,J/FIN 1993/EXT 98}) 6. Bd3 $5 {
Intending ta take black knight when it comes to f5.} (6. f4 Na5 7. Nf3 Nc4 8.
Bc1 c5 9. Bxc4 dxc4 10. dxc5 Bxc3+ 11. bxc3 Qxd1+ 12. Kxd1 Bd7 13. Nd2 Bc6 14.
Nxc4 $14 {Jakubiec,A-Grabarczyk,B/Lubniewice 1995/EXT 97}) (6. Qd2 Nf5 7. Nf3
f6 8. Bb5 Bd7 9. Bxc6 Bxc6 10. a3 Bxc3 11. Qxc3 O-O 12. h4 Be8 $13 {Kurajica,
B-Nikolic,Z/Smederevska Palanka 1982/MCL}) (6. a3 Bxc3+ 7. bxc3 Nf5 8. Qh5 Qh4
9. Qxh4 Nxh4 10. Bg5 Nf5 11. g4 Nfe7 12. h4 h6 13. Bc1 Bd7 $13 {Ghinda,
M-Paehtz,T/Halle 1987/CBM 05}) 6... Nf5 7. Bxf5 exf5 8. Qd3 Be6 9. Nf3 (9. a3
Be7 10. Nce2 g5 11. h4 g4 12. Ng3 Qd7 13. N1e2 $14) 9... h6 10. h4 Qd7 11. h5
Be7 (11... O-O-O $5 12. O-O-O Bf8 {[%cal Gg7g5]} 13. Ne2 g5 14. hxg6 fxg6 15.
Qd2 $14) 12. Ne2 Nb4 13. Qd2 b6 14. c3 Nc6 15. Qd3 $14 {White has very
comfortable advantage and it's not so easy for black to create any counterplay.
} O-O-O 16. Nf4 Kb7 17. Nh4 $1 {White's play is very logical: knight is
heading to g6 after exchange on e6} Rhe8 18. Nxe6 fxe6 19. Ng6 Rc8 {The only
chanse for black to create counterplay is connected with ...c5 so black starts
to prepare it.} 20. b4 a5 21. a3 a4 {Otherwise it would be problematic to move
the knight from c6.} 22. Rc1 Na7 23. c4 $1 {It's true that after this move
black gets square d5 for his pieces, but it's not so simple to come from a7 to
d5!} dxc4 24. Rxc4 Nb5 25. O-O Bg5 26. Rfc1 c6 (26... Qd5 $2 27. Rc5 bxc5 28.
Qxb5+ Ka7 29. Qxa4+ Kb8 30. Rxc5 $18) 27. Kh2 Qd5 28. f3 Rc7 29. R1c2 Rd8 $6 {
Permitting white to play R:c6, while after simple 29...Rcc8 it's not so easy
for white to break through.} (29... Rcc8 $5) 30. f4 $5 Be7 31. Rxc6 $1 {
Taking the chanse.} Rxc6 32. Nxe7 Qb3 $8 33. Qxb3 axb3 34. Nxc6 Ra8 (34... Rc8
35. Rb2 Kxc6 36. Rxb3 Kd5 37. a4 Na7 $16) 35. Nd8+ Rxd8 36. Rb2 Nxa3 37. Rxb3
Nc4 $6 (37... Nb5 $5 {[%cal Gb7d5]} 38. Bf2 Kc6 39. Rg3 Rd7 40. d5+ $1 $16) 38.
Bf2 Kc6 39. Rg3 $1 {[%cal Gg3g6]} Rd7 40. d5+ $1 {If black would play Kd5 he
would be out of danger, so this move is th only way leading to win!} exd5 (
40... Kxd5 41. Rd3+ Kc6 42. b5+ Kc7 43. Rc3 $18 {[%cal Gc3c7]}) 41. Rg6+ Kb5
42. e6 Re7 43. Bd4 $16 {[%csl Rg7]} Re8 44. g4 Nd2 {Hoping to push d-pawn till
first rank!} 45. Bxg7 d4 46. gxf5 d3 47. Kg2 $1 $18 {Very calm and strong move:
white is just on time to stop the pawn.} Ne4 48. Kf3 d2 49. Rg1 Nd6 50. f6 (50.
Kg4 $5 $18) 50... Rxe6 51. Rd1 Nc4 52. f7 Re1 53. Rxd2 $1 {[%cal Gf7f8]} Nxd2+
54. Kg4 Rg1+ 55. Kf5 Rxg7 56. f8=Q Rg3 57. Qxh6 Nc4 58. Qe6 Kxb4 59. Qe1+ Rc3
60. h6 Kb3 61. Qxc3+ 1-0

[Event "FRA-ch"]
[Site "Val d'Isere"]
[Date "2002.08.22"]
[Round "4"]
[White "Fressinet, Laurent"]
[Black "Bricard, Emmanuel"]
[Result "1/2-1/2"]
[WhiteElo "2619"]
[BlackElo "2454"]
[Annotator "Finkel,A"]
[PlyCount "115"]
[EventDate "2002.08.19"]
[EventType "tourn"]
[EventRounds "11"]
[EventCountry "FRA"]
[EventCategory "13"]
[SourceTitle "CBM 091"]
[Source "ChessBase"]
[SourceDate "2002.11.12"]
[SourceVersion "1"]
[SourceVersionDate "2002.11.12"]
[SourceQuality "1"]

1. e4 e6 2. d4 d5 3. Nc3 h6 $6 {Not a move to play in every game, but it
definitly is good enoough to cause your opponent to think from the very
beginning!} 4. Bd3 (4. exd5 exd5 5. Bd3 Nf6 6. Nge2 c5 7. dxc5 Bxc5 8. Bf4 O-O
9. Qd2 Nc6 10. a3 Re8 11. O-O a6 $13 {Skripchenko Lautier,A-Bricard,E/
Montpellier 1998}) (4. Be3 Nf6 5. e5 Nfd7 6. f4 g6 7. Nf3 b6 8. Qd2 c6 9. Qf2
Ba6 10. Qg3 Bxf1 11. Rxf1 Bb4 12. a3 Bxc3+ 13. bxc3 $14 {Widmer,A-Fischinger,W/
Schwarzach 2000}) (4. Nf3 $5) 4... Bb4 5. exd5 (5. Qg4 dxe4 6. Qxg7 Qf6 7. Qxf6
Nxf6 8. Bc4 Nc6 $13) 5... exd5 6. a3 Be7 7. Qf3 Nf6 8. h3 (8. Qg3 Nh5 9. Qf3
Nf6) 8... c5 9. dxc5 Nc6 10. Nge2 {Deserved attention an attempt to hold a
pawn by} (10. b4 $5 a5 11. Rb1 axb4 12. axb4 O-O 13. Nge2 b6 14. cxb6 Qxb6 $14)
10... Bxc5 11. Bf4 Be6 12. O-O-O $14 a6 (12... O-O $6 13. g4 $36 {[%cal Gh1g1,
Gg4g5]}) 13. Bc4 (13. g4 $5 Qe7 14. Ng3 g5 15. Bd2 Ne5 16. Qe2 Nxd3+ 17. Qxd3
Bxf2 18. Nf5 Qc5 19. Rhf1 $36) 13... d4 14. Bxe6 fxe6 15. Ne4 Nxe4 16. Qxe4 Qf6
17. Bg3 O-O-O 18. Nf4 Rhe8 (18... e5 $2 19. Ng6 Rhe8 20. Bh4 $18) 19. Nd3 {
White is slightly better, but his advantage is minimal and with accurate play
black manages to equalize.} (19. Ng6 $5 d3 20. Rxd3 (20. Bh4 Rd4 21. Bxf6 (21.
Qxc6+ $2 bxc6 22. Bxf6 gxf6 23. cxd3 Rg8 $19 {[%csl Rg6]}) 21... Rxe4 22. cxd3
Re2 23. Bh4 Bxf2 24. Bxf2 Rxf2 25. Rd2 Rf6 26. Nh4 Nd4 $17) 20... Rxd3 21. Qxd3
Bxa3 $1 (21... Rd8 $2 22. Bh4 $1 Rxd3 23. Bxf6 $16) 22. Qxa3 Qxg6 23. Re1 $14)
19... Bd6 20. Bxd6 Rxd6 21. Rde1 e5 22. Re2 (22. f4 Rde6 23. f5 R6e7 24. g4 $14
) 22... Rde6 23. Rhe1 R6e7 24. Kb1 g6 25. Qd5 Kc7 26. Re4 g5 $1 {Preventing f4
for good.} 27. g3 (27. Rc1 $5 {[%cal Gc2c3]}) 27... Qd6 28. Qxd6+ Kxd6 29. Kc1
h5 30. Kd2 b5 31. R1e2 a5 32. b3 (32. c3 dxc3+ 33. Kxc3 (33. bxc3) 33... Nd4
34. R2e3 Rc8+ 35. Kd2 Rc4 36. Kd1 Nf5 $11) 32... Re6 33. Ke1 Kd5 34. f3 Nd8 35.
Kf2 Nf7 36. Re1 Nd6 37. R4e2 e4 38. fxe4+ Nxe4+ (38... Rxe4 $5) 39. Kg2 Nc3 40.
Rxe6 Rxe6 41. Rxe6 Kxe6 42. Kf3 Nb1 43. a4 bxa4 44. bxa4 Kd5 (44... Nc3 45.
Nc5+ Kd5 46. Nb7 Nxa4 47. Nxa5 $11) 45. h4 gxh4 46. gxh4 Nc3 47. Nf4+ Kc4 48.
Nxh5 Nxa4 49. Nf4 Nc5 50. h5 a4 51. h6 a3 52. h7 a2 53. h8=Q a1=Q 54. Qg8+ Kb5
55. Qb8+ Kc4 56. Qg8+ Kb5 57. Qb8+ Kc4 58. Qg8+ 1/2-1/2

[Event "Pamplona 14th"]
[Site "Pamplona"]
[Date "2004.12.22"]
[Round "1"]
[White "Naiditsch, Arkadij"]
[Black "Bruzon Batista, Lazaro"]
[Result "1/2-1/2"]
[WhiteElo "2611"]
[BlackElo "2637"]
[Annotator "Finkel,A"]
[PlyCount "105"]
[EventDate "2004.12.22"]
[EventType "tourn"]
[EventRounds "7"]
[EventCountry "ESP"]
[EventCategory "16"]
[SourceTitle "CBM 105"]
[Source "ChessBase"]
[SourceDate "2005.04.11"]
[SourceVersion "1"]
[SourceVersionDate "2005.04.11"]
[SourceQuality "1"]

1. e4 e6 2. d4 d5 3. Nd2 dxe4 4. Nxe4 Nd7 5. g3 Be7 {This continuation is one
of the safest ways for black to meet 5.g3. White gets minimal advantage which
shouldn't be enough to cause black serious problems.} 6. Bg2 Ngf6 7. Nxf6+ (7.
Ne2 O-O 8. O-O Rb8 9. Nxf6+ Nxf6 10. Qd3 b5 11. Nc3 b4 12. Ne4 Bb7 13. a3 bxa3
14. b3 $14 {Spangenberg,H-Nogueiras,J/Yerevan 1996/EXT 97}) 7... Bxf6 8. Nf3 (
8. Ne2 O-O 9. O-O (9. Be3 c6 10. O-O Qe7 11. c4 Rd8 12. Qc2 Nf8 13. Rad1 e5 14.
d5 $14 {Sedlak,N-Benkovic,P/Subotica 2001}) 9... Rb8 10. c4 b6 11. Qa4 a6 12.
Rd1 Qe7 13. Be3 c5 14. Rd2 b5 15. Qc2 Bb7 16. Rad1 $14 {Heymann,U-Hausmann,I/
Leipzig 1995}) 8... O-O 9. O-O e5 {The main point behind putting the bishop on
f6.} (9... c5 10. c3 (10. Be3 cxd4 11. Nxd4 Nb6 12. Qd3 Nd5 13. Bd2 Qb6 14. Nb3
a5 15. c4 Nb4 16. Qe2 $14 {Pashikian,A-Nalbandian,T/Batumi 2003}) 10... cxd4
11. Nxd4 Qb6 (11... a6 12. Be3 Qc7 13. Qe2 (13. Qa4 Rb8 14. Nb3 b6 15. Rad1 Rd8
16. Rd2 Bb7 17. Bxb7 Qxb7 18. Rfd1 Nf8 $11 {Livshits,G-Roiz,M/Ramat Aviv 2004})
13... Nb6 14. Nf3 Re8 15. Rad1 e5 16. Bg5 $5 $14 {Fressinet,L-Morozevich,A/
Cannes 2002}) 12. Qb3 $6 Bxd4 13. cxd4 Qxb3 14. axb3 Nb6 15. Ra5 Rd8 $11 {
Magem Badals,J-De la Villa Garcia,J/Pamplona 1991}) (9... Rb8 10. Bf4 b5 11.
Ne5 Bb7 12. Bxb7 Rxb7 13. Qf3 Rb6 14. Rad1 Qc8 $13 {Svidler,P-Morozevich,A/
Monaco 2004}) 10. Be3 (10. c3 exd4 11. Nxd4 Nb6 12. a4 Bxd4 13. cxd4 c6 14. a5
Nd5 15. a6 bxa6 16. Re1 Qb6 $11 {Tischbierek,R-Blauert,J/Germany 2002}) (10.
Re1 exd4 11. Nxd4 Nb6 12. Nb5 Bd7 13. Qd3 Re8 14. Bf4 Bxb5 15. Qxb5 c6 16. Qb3
Rxe1+ 17. Rxe1 $14 {Shirov,A-Ehlvest,J/Tallinn 1996}) 10... c6 (10... exd4 11.
Bxd4 Nb6 (11... c5 $5 12. Bxf6 Nxf6 13. Qxd8 Rxd8 14. Ne5 g6 15. Nd3 Bf5 16.
Bxb7 Bxd3 17. cxd3 Rab8 $11 {Ivanov,A-Christiansen,L/Chandler 1997}) 12. Bxf6 (
12. a4 a5 13. Bxb6 cxb6 14. c3 Be6 15. Qc2 Qc7 16. Rfd1 Rad8 17. Rxd8 Rxd8 18.
Rd1 Rxd1+ 19. Qxd1 Qd7 $11 {Macieja,B-Conquest,S/Istanbul 2003}) 12... Qxf6 13.
Qd4 Qxd4 14. Nxd4 c6 15. a4 Rd8 16. c3 Nd5 17. a5 a6 18. Nb3 $14 {Motwani,
P-Hempson,P/Blackpool 1988}) 11. a4 $5 {Intending to put a pressure on black's
queenside.} (11. Re1 exd4 12. Bxd4 Bxd4 (12... Nb6 13. Bxf6 Qxf6 14. Qd4 Qxd4
15. Nxd4 Rd8 16. a4 a5 17. Nb3 Kf8 18. Nc5 $14 {Bezgodov,A-Dokutchaev,A/St
Petersburg 1998}) 13. Qxd4 Nf6 (13... Nb6 $5 14. a4 $6 Qxd4 15. Nxd4 a5 16. Nb3
Rd8 17. Nc5 Kf8 18. Re2 Re8 19. Rae1 Rxe2 20. Rxe2 Nd5 $5 $11 {Volokitin,
A-Tratar,M/Ljubljana 2002}) 14. a4 Qxd4 15. Nxd4 Rd8 16. c3 a5 17. Re5 Nd7 18.
Re7 Kf8 19. Rae1 Nf6 20. h3 Bd7 21. R7e5 Re8 $11 {Hracek,Z-Ehlvest,J/Yerevan
1996}) 11... exd4 12. Bxd4 Re8 $6 {A bit careless move after which white get
serious pressure.} (12... c5 $142 $5 13. Bxf6 Nxf6 14. Qxd8 Rxd8 15. Ne5 Rb8
16. f4 Bf5 17. c3 Be4 $11) 13. a5 a6 {[%csl Rb6]} 14. Re1 $14 Rxe1+ 15. Qxe1
Bxd4 16. Nxd4 Nf6 17. Qb4 {White keeps better chances after the move in the
game, but deserved attention} (17. Qe5 $5 {[%csl Gc7,Ge7] preventing from the
black queen to come to c7.}) 17... Qc7 18. Re1 Bd7 19. Nb3 ({Nothing promised} 
19. Re7 Re8 20. Nf5 $6 (20. Nb3) 20... Rxe7 21. Nxe7+ Kh8 22. Qc5 Qd8 23. h3
Be6 $11 {[%cal Gf6d5] and black is fine.}) 19... Re8 20. Re7 h5 21. h3 Nd5 (
21... Qd8 $2 22. Rxe8+ Bxe8 23. Qxb7 Qd1+ 24. Bf1 Qxc2 25. Nd4 Qc1 26. Qxa6 $16
) 22. Bxd5 cxd5 23. Nd4 $6 {After this move black queen comes to e4 depriving
white any hopes to score a full point.} (23. Rxe8+ $142 $1 Bxe8 24. Nd4 (24.
Qc5 Qe5 25. Nd4 Bd7 26. h4 Qe4 $11) 24... Bd7 25. Qe7 Qc8 26. h4 $14) 23... Qd8
24. Rxe8+ Qxe8 $1 $132 {[%csl Ge4,Ge5]} 25. h4 Qe4 26. Qd2 Qe5 27. c3 Qc7 28.
b4 g6 29. Nc2 (29. Qe3 Qc4 30. Kg2 Bg4 31. Qd2 Bd7 32. f3 $14 {[%cal Gg2f2,
Gf2e1,Ge1d1,Gd1c2,Gc2b2]}) 29... Bc6 30. Qd4 Qe7 31. Ne3 Qe6 32. Kh2 (32. Kf1
Qh3+ 33. Ke1 Qh1+ 34. Kd2 Qb1 $11) 32... f6 33. Ng2 Kf7 34. Nf4 Qe4 35. Kg1 (
35. Qxe4 $2 dxe4 36. Kg1 Bb5 37. Nd5 Ke6 $15) 35... Qb1+ 36. Kg2 Qf5 37. Kh2
Qe4 38. Qd1 Kg7 39. Qd3 Kf7 40. Qd4 Qf5 41. Nd3 Qf3 42. Nc5 Ke7 43. Kg1 Kf7 44.
Kh2 Ke7 45. Nb3 (45. Qe3+ Qxe3 46. fxe3 g5 47. g4 hxg4 48. hxg5 fxg5 49. Kg3
Kf7 50. Kxg4 Kg6 $11) 45... Kf7 46. Nd2 Qe2 47. Kg2 Ke6 48. Nb3 Kf7 49. Nc5 Ke7
50. Nd3 Qe4+ 51. Kg1 Kf7 52. Nc5 Qe2 53. Nd3 1/2-1/2

[Event "Asia-ch 5th"]
[Site "Hyderabad"]
[Date "2005.10.15"]
[Round "9"]
[White "Sadvakasov, Darmen"]
[Black "Wu, Wenjin"]
[Result "1-0"]
[WhiteElo "2612"]
[BlackElo "2523"]
[Annotator "Finkel,A"]
[PlyCount "45"]
[EventDate "2005.10.05"]
[EventType "swiss"]
[EventRounds "9"]
[EventCountry "IND"]
[SourceTitle "CBM 110"]
[Source "ChessBase"]
[SourceDate "2006.01.31"]
[SourceVersion "1"]
[SourceVersionDate "2006.01.31"]
[SourceQuality "1"]

1. e4 e6 2. d4 d5 3. Nc3 dxe4 4. Nxe4 Nd7 5. Nf3 Ngf6 6. Bg5 h6 7. Nxf6+ Nxf6
8. Be3 a6 {In my opinion this move doesn't promise Black an easy life, so it's
safer to opt for} (8... Nd5 {or}) (8... Bd6) 9. Bd3 (9. Ne5 b6 10. c3 Bb7 11.
Qa4+ Nd7 12. c4 Bd6 13. O-O-O Qe7 14. f4 Bxe5 15. dxe5 O-O-O $15 {Zhang
Zhong-Gurevich,M/Cap d'Agde 2000}) 9... b6 10. Qe2 Bb7 11. O-O-O Be7 {This
move appears to be a novelty, but it doesn't change evaluation of the position
- Black is doomed to suffer!} (11... Qc8 $6 12. Ne5 Bd6 13. f4 $14 {[%cal
Gh1f1,Gf4f5]} h5 14. Rhf1 Be4 15. Bxe4 Nxe4 16. g4 $1 $40 {Goloshchapov,
A-Dzhakaev,D/Batumi 2002}) (11... Qd5 $5 12. Kb1 b5 13. Ne5 Bd6 14. c4 bxc4 15.
Bxc4 Qa5 16. Rhg1 Rb8 $5 $13 {Shirov,A-Gurevich,M/Reykjavik 2003}) 12. Kb1 Nd5
$6 {Losing 2 tempi to trade the knight for the bishop, which is not too
important for white as he can proceed with his kingside attack.} 13. Bd2 Nb4 $6
14. Bxb4 Bxb4 15. Ne5 {[%cal Gh1g1,Gf2f4,Gg2g5]} O-O ({An attempt to hide the
king on the queenside wouldn't work out as after} 15... Bd6 16. f4 Qe7 17. h4
b5 18. Be4 $14 {Black can't opt to castle.}) 16. f4 Bd6 (16... Qd5 17. Rhg1 b5
18. g4 f6 19. Ng6 Rfe8 20. g5 $16) 17. Rhg1 Bxe5 (17... c5 18. g4 cxd4 19. g5
hxg5 20. Rxg5 $40 {[%cal Gd1g1,Ge2h5]}) 18. dxe5 $16 {Black is deprived of any
counterplay, while White is ready to launch a pawn storm on the position of
Black's king.} Qe7 19. g4 Qh4 (19... f6 $16) 20. g5 $1 {Cutting off Black's
queen.} h5 {[%csl Rh4]} (20... Qxf4 21. Rdf1 Qh4 22. Rg4 Qh3 23. gxh6 Qxh6 24.
Rfg1 Rfd8 25. Qf2 $18 {[%cal Gg4h4]}) 21. Qe3 g6 (21... Qxh2 22. Rg3 Rfd8 23.
Rdg1 {[%csl Rh2][%cal Gg3h3]}) 22. Rg3 Rad8 23. Rdg1 {[%cal Gg3h3]} 1-0

[Event "Carlos Torre Wimbledon 17th"]
[Site "Merida"]
[Date "2004.12.17"]
[Round "1.1"]
[White "Ivanchuk, Vassily"]
[Black "Nogueiras Santiago, Jesus"]
[Result "1-0"]
[WhiteElo "2705"]
[BlackElo "2546"]
[Annotator "Finkel,A"]
[PlyCount "77"]
[EventDate "2004.12.13"]
[EventType "k.o."]
[EventRounds "4"]
[EventCountry "MEX"]
[SourceTitle "CBM 105"]
[Source "ChessBase"]
[SourceDate "2005.04.11"]
[SourceVersion "1"]
[SourceVersionDate "2005.04.11"]
[SourceQuality "1"]

1. e4 e6 2. d4 d5 3. Nc3 dxe4 4. Nxe4 Nd7 5. Nf3 Ngf6 6. Bd3 {The idea behind
this move is to bring the bishop to f3!} c5 7. O-O Nxe4 (7... cxd4 8. Nxd4 Be7
9. Re1 O-O 10. c3 Nxe4 11. Bxe4 Nf6 12. Bc2 Bd7 13. Qd3 g6 14. Bh6 Re8 15. Qf3
Qb6 16. Bb3 Rad8 17. Re2 Bc6 18. Nxc6 Qxc6 19. Qxc6 bxc6 20. h3 $16 {Yemelin,
V-Erendzhenov,S/RUS-ch Elista 1995}) 8. Bxe4 Nf6 (8... Be7 $5 9. Qe2 (9. c4 $5
O-O 10. Re1 Nf6 11. Bc2 cxd4 12. Bg5 h6 13. Bh4 d3 $5 14. Bxd3 Nh5 15. Bxe7
Qxe7 16. Ne5 $14 {Zapata Alonso-Hoffman Alejandro/It (open), Buenos Aires 
(Argentina) 1996}) 9... Qb6 (9... Nf6 $6 10. dxc5 $1 Nxe4 $6 11. Qxe4 Bxc5 12.
Qe5 $1 $36 Bf8 13. Re1 Qd6 14. Qb5+ Qd7 15. Qh5 Qc7 16. Nd4 $16 {Tseshkovsky
Vitaly-Doroshkievich Vladimir K/Tournament, Novorossijsk (Russia) 1995 (38)})
10. Rd1 O-O 11. c3 Rd8 12. Bc2 Nf8 13. Be3 $14 {Ebeling,M-Kujala,A/FIN-chT
1989 (31)}) 9. Bg5 {Very popular variation during last couple of years.} cxd4 (
9... h6 10. Bxf6 Qxf6 11. c3 $5 Bd6 12. Qa4+ Bd7 13. Qa3 Qe7 14. dxc5 Bxc5 15.
b4 Bb6 16. Bxb7 $16 {Honfi,K-Dolgener,T/Budapest FS09 IM-B 1995}) 10. Nxd4 (10.
Qe2 Be7 11. Rad1 Nxe4 (11... Qb6 12. Nxd4 Bd7 13. Bxf6 gxf6 14. Rfe1 Bc5 15.
Nb3 Bb4 16. c3 Be7 17. Qh5 $36 {Kovacevic,A-Kosic,D/YUG 2000/EXT}) 12. Rxd4
Qxd4 $2 13. Nxd4 Nxg5 14. f4 $16 {Morozevich,A-Zakharevich,I/RUS-Cup6 1997}
Nh3+ (14... O-O $5 15. fxg5 Bxg5 16. Nf3 Bd8 $6 17. Qe4 $1 $16 {Rublevsky,
S-Zakharevich,I/Maikop 1998/CBM 66}) 15. gxh3 O-O 16. Qe4 $14 {Morozevich,
A-Zakharevich,I/RUS-Cup6 1997}) 10... Be7 (10... Bc5 11. c3 (11. Nb3 Bd6 12.
Bxf6 gxf6 13. Qh5 f5 14. Bxf5 $4 exf5 15. Rfe1+ Be7 $19 {Ardeleanu,A-Negulescu,
A/Cupa Dinamo 1998}) 11... h6 $5 12. Bxf6 $5 Qxf6 13. Qa4+ Bd7 14. Qc4 Bxd4 15.
cxd4 Rc8 16. Qb4 $36 {Rublevsky,S-Christiansen,L/WchT 4th 1997}) (10... h6 $6
11. Bxf6 Qxf6 12. Qd3 a6 13. Rad1 Bc5 (13... Be7 14. Nc6 $14) 14. Nb3 Ba7 15.
Na5 $16) 11. Bf3 {The bishop has to remain on the diagonal h1-a8 to put a
pressure on black's queenside.} (11. Bd3 O-O 12. c3 Qd5 $1 13. Nf3 Rd8 14. Bc2
Qxd1 15. Raxd1 Bd7 $11 {Pandavos,P-Ellison,D/Balatonbereny op 1992}) 11... O-O
(11... a6 12. Re1 O-O 13. c3 Qa5 14. Bf4 Rd8 15. Qe2 Nd5 16. Bg3 Bf6 17. Nb3
Qb6 18. Rad1 $14 {Buckan,J-Poulsen,M/Kiel 2003}) 12. c4 (12. c3 Qa5 (12... e5
13. Nc2 h6 14. Bxf6 Bxf6 15. Ne3 Rb8 $11) 13. Bh4 Nd5 14. Bg3 Rd8 15. Qe2 Qb6
16. Rfd1 $14 {Womacka,M-Kuenitz,K/Seefeld 2000}) (12. Re1 Qc7 (12... Qb6 13.
Nb3 (13. Nf5 exf5 14. Rxe7 Ne4 15. Bxe4 fxe4 16. Qd5 Qxb2 17. Rc1 Be6 18. Qxe4
Qxa2 19. Qxb7 Rac8 20. Qxa7 Rxc2 {1/2-1/2 Cheparinov,I-Perez,R/Seville 2004/
CBM 098 ext (20)}) 13... Rd8 14. Qe2 Bd7 15. Bd2 $5 {[%cal Gd2a5]} Bb4 16. c3
Bd6 {[%csl Ge5]} 17. c4 $5 a5 $132 {Polgar,J-Van Wely,L/Hoogeveen 2001}) 13. c3
a6 14. Bh4 (14. Qd2 Rd8 15. Rad1 Bd7 16. Nf5 {[%cal Ge1e7]} Ba4 $1 {[%cal
Gd8d1,Ga4d1]} 17. Qf4 Rxd1 $1 18. Bxd1 Qxf4 19. Nxe7+ Kf8 $11 {Aseev,
K-Feoktistov,A/Elista 2001}) 14... Bd6 15. Bxf6 gxf6 16. g3 Rd8 17. Bg2 Bf8 18.
Qh5 Bg7 19. Rad1 Qb6 20. Nb3 $14 {Shirov,A-Anand,V/Wijk aan Zee 2001}) 12...
Qc7 (12... a6 13. Bf4 Qb6 14. Nb3 Bd7 15. Qd4 Qxd4 16. Nxd4 Ra7 17. Bc7 Bc5 18.
Nb3 $14 {Svidler,P-Bareev,E/Monaco 2004}) (12... Qb6 13. Nb3 Rd8 14. Qe2 Bd7
15. Bd2 a5 16. Qe5 $14 {Antoniewski,R-Meier,G/Deizisau 2004}) 13. Qc1 Bd7 {
Nogueiras doesn't want to push ...e5 which was successfully tried by Pelletier
earlier the same year:} (13... a6 14. Re1 e5 15. Nc2 Qxc4 16. Rxe5 Be6 17. Ne3
Qxc1+ 18. Rxc1 Rac8 $11 {Morozevich,A-Pelletier,Y/Biel 2004}) 14. Re1 Rfe8 15.
b3 Qb6 16. Rd1 Rad8 ({There was nothing wrong with} 16... e5 17. Nc2 Rad8 18.
Ne3 e4 19. Be2 Be6 $11 {and black pieces are very comfortably placed.}) 17. Be3
{Starting the series of manouvres which don't change much in the position.} Bc5
18. Qc3 a6 19. h3 Bb4 20. Qb2 Qc7 21. a3 Bd6 22. Rd2 Bc8 23. Rad1 Be7 24. Qa2
h6 25. Qb2 Nd7 26. g3 Bf6 27. Bg2 Ne5 28. c5 $6 {Drasticly changing the
character of play! The move by itself is hardly a strong one, but to prove it
black had to calculate accurately a few lines.} Ng6 $2 {Trusting the opponent!
It was much better to take on c5} (28... Qxc5 $1 29. Nxe6 Rxd2 30. Qxd2 (30.
Rxd2 Qe7 31. Nd4 Bxh3 $1 32. Bxh3 Nf3+ 33. Kf1 Nxd2+ 34. Qxd2 Rd8 $17) 30...
Qe7 31. Nf4 (31. Nc5 Bxh3 $1 32. Bxb7 Bg4 $17) 31... Qxa3 32. Nd5 Bd8 33. Qc2
Be6 34. Bc5 $44 {and white's initiative should be enough for a draw, but
hardly for more than that.}) 29. b4 $14 {Now white is well in control of the
game.} Ne7 30. Qc2 Nd5 (30... e5 31. Ne2 Bf5 32. Qa4 Nc6 33. Nc3 $14) 31. Nf5
$1 Nxe3 (31... exf5 32. Rxd5 Rxd5 33. Rxd5 (33. Bxd5 $2 Rxe3 $1 34. fxe3 Qxg3+
35. Qg2 Qxe3+ 36. Kh1 Qxa3 $17) 33... Be5 (33... Rxe3 34. fxe3 Qxg3 35. Qf2 Qg6
36. Qf4 $16) 34. Bd4 Bxd4 35. Rxd4 Qe5 36. Qd2 $16) 32. Nxe3 {[%csl Ge3][%cal
Ge3c4,Gc4b6,Gc4d6]} Rxd2 33. Rxd2 Rd8 $6 (33... b6 34. Nc4 bxc5 35. Nd6 Rd8 36.
Qxc5 (36. bxc5 Be7 37. Bf3 e5 38. Kg2 Be6 $11) 36... Qb8 37. Qc6 $14 Be7 $140
$2 38. Nf5 $1 exf5 39. Rxd8+ Bxd8 40. Qe8+ $18) 34. Nc4 {[%csl Rb7][%cal Gc4d6]
} Rd4 (34... Bd7 35. Qd1 Bb5 36. Rxd8+ Bxd8 37. Nd6 Bc6 38. Nxb7 $16) 35. Nb6
$18 a5 (35... g6 36. Rxd4 Bxd4 37. Qe4 Bb2 38. Nxc8 Qxc8 39. Qxb7 Qxb7 40. Bxb7
$18) 36. Rxd4 Bxd4 37. Qa4 $1 $18 Qxg3 38. Qe8+ Kh7 39. Qxf7 1-0